000
nam a22 7a 4500
999
_c
329209
_d
329209
003
Nust
005
20170426161903.0
008
170426b xxu||||| |||| 00| 0 eng d
040
_c
DLC
082
_a
342.023 ABU
100
_a
علامہ ابوالفصنل
245
_a
آئین اکبری
300
_a
1568p. :
942
_2
ddc
_c
BK